000 00617nam a2200169 i 4500
001 44749
003 ES-MaACL
005 20230906161104.0
007 t|
008 030324s1938 sp ||||1| spa d
245 0 0 _aCódigo de justicia militar con notas aclaratorias, formularios
_b: . Código penal común, tablas para la aplicación de las penas y disposiciones complementarias /
_cpor José Mª Dávila y Huguet.
250 _a4ª ed.
260 _aBurgos :
_b[s.n.],
_c1938 (
_fAldecoa)
300 _a665 p. ;
_c17 cm.
700 1 _aDávila y Huguet, José María.
_942949
852 _aES-MaACL
_jA-4890
_bR.16825
999 _c44749
_d44749